| 000 | 00515nam a2200181Ia 4500 | ||
|---|---|---|---|
| 999 |
_c14716 _d14716 |
||
| 003 | OSt | ||
| 005 | 20201028114239.0 | ||
| 008 | 190216s9999||||xx |||||||||||||| ||und|| | ||
| 020 | _a9780195699388 | ||
| 040 | _coclc | ||
| 082 |
_a808.06607 _bRAM/W |
||
| 100 |
_aRaman, Usha _96141 |
||
| 245 | 0 |
_aWriting For The Media / _cUsha Raman |
|
| 260 |
_bOxford University Press, _c2010. _aNew Delhi: |
||
| 300 | _a400p | ||
| 650 | _aEnglish | ||
| 942 |
_cBK _2ddc _h808.06607 _iRAM/W _k808.06607 _mRAM/W |
||